LIBRARY & INFORMATION CENTRE, KCAET, TAVANUR

ONLINE PUBLIC ACCESS CATALOGUE (OPAC)

Jacobean and caroline stage: dynmic companies and players Vol.I / (Record no. 12024)

MARC details
000 -LEADER
fixed length control field 00427cam a2200145ua 4500
041 ## - LANGUAGE CODE
Language code of text/sound track or separate title eng
082 ## - DEWEY DECIMAL CLASSIFICATION NUMBER
Classification number 828.09
Item number BEN/JA
100 ## - MAIN ENTRY--AUTHOR NAME
Personal name Bentley, Gerald Eades .
245 ## - TITLE STATEMENT
Title Jacobean and caroline stage: dynmic companies and players Vol.I /
260 ## - PUBLICATION, DISTRIBUTION, ETC. (IMPRINT)
Place of publication London :
Name of publisher Oxford at the Clarendon Press ,
Year of publication 1941.
300 ## - PHYSICAL DESCRIPTION
Number of Pages 342 ; .
942 ## - ADDED ENTRY ELEMENTS (KOHA)
Koha item type Books
Holdings
Withdrawn status Lost status Damaged status Home library Current library Date acquired Cost, normal purchase price Full call number Accession Number Koha item type Public note
Withdrawn     KAUAET Malayalam University 07/04/2012 22.00 828.09 6563 Books Transferred to Malayalam University
free website counter